<?xml version="1.0" encoding="UTF-8"?>
<record
    xmlns:xsi="http://www.w3.org/2001/XMLSchema-instance"
    xsi:schemaLocation="http://www.loc.gov/MARC21/slim http://www.loc.gov/standards/marcxml/schema/MARC21slim.xsd"
    xmlns="http://www.loc.gov/MARC21/slim">

  <leader>00518nam a22001217a 4500</leader>
  <datafield tag="999" ind1=" " ind2=" ">
    <subfield code="c">9793</subfield>
    <subfield code="d">9793</subfield>
  </datafield>
  <controlfield tag="003">OSt</controlfield>
  <controlfield tag="008">201214b           ||||| |||| 00| 0 eng d</controlfield>
  <datafield tag="245" ind1=" " ind2=" ">
    <subfield code="a">Indian Journal of Marketing </subfield>
  </datafield>
  <datafield tag="250" ind1=" " ind2=" ">
    <subfield code="a">2014(Jan Vol.44 No.1, Feb Vol.44 No.2, Mar Vol.44 No.3, Apr Vol.44 No.4, May Vol.44 No.5, Jun Vol.44 No.6, Jul Vol.44 No.7, Aug Vol.44 No.8, Sep Vol.44 No.9, Oct Vol.44 No.10, Nov Vol.44 No.11, Dec Vol.44 No.12)</subfield>
  </datafield>
  <datafield tag="260" ind1=" " ind2=" ">
    <subfield code="a">New Delhi </subfield>
    <subfield code="b">Associated Management Consultants Pvt. Ltd.</subfield>
  </datafield>
  <datafield tag="650" ind1=" " ind2=" ">
    <subfield code="a">Management</subfield>
  </datafield>
  <datafield tag="942" ind1=" " ind2=" ">
    <subfield code="2">ddc</subfield>
    <subfield code="c">BV</subfield>
  </datafield>
  <datafield tag="952" ind1=" " ind2=" ">
    <subfield code="0">0</subfield>
    <subfield code="1">0</subfield>
    <subfield code="2">ddc</subfield>
    <subfield code="3">Bound Volume</subfield>
    <subfield code="4">0</subfield>
    <subfield code="7">1</subfield>
    <subfield code="8">MBA</subfield>
    <subfield code="a">PIET</subfield>
    <subfield code="b">PIET</subfield>
    <subfield code="d">2020-12-14</subfield>
    <subfield code="e">Associated Management Consultants Pvt. Ltd.</subfield>
    <subfield code="h">2014(Jan Vol.44 No.1, Feb Vol.44 No.2, Mar Vol.44 No.3, Apr Vol.44 No.4, May Vol.44 No.5, Jun Vol.44 No.6, Jul Vol.44 No.7, Aug Vol.44 No.8, Sep Vol.44 No.9, Oct Vol.44 No.10, Nov Vol.44 No.11, Dec Vol.44 No.12)</subfield>
    <subfield code="l">0</subfield>
    <subfield code="p">BV424</subfield>
    <subfield code="r">2020-12-14 00:00:00</subfield>
    <subfield code="w">2014-01-02</subfield>
    <subfield code="y">BV</subfield>
  </datafield>
</record>
